| 000 | 00610nam a2200205 i 4500 | ||
|---|---|---|---|
| 001 | 99494 | ||
| 003 | ES-MaACL | ||
| 005 | 20230906182515.0 | ||
| 007 | t| | ||
| 008 | 050912s1945 sp ||||1| spa d | ||
| 100 | 1 |
_aMartindale, Cyril Charlie. _977686 |
|
| 245 | 1 | 0 |
_aAnsias de Dios / _cCyril Charlie Martindale; [traducción de J. Molina Picó]. |
| 260 |
_aMadrid : _bAtenas, _c1945. |
||
| 300 |
_a214 p. ; _c23 cm. |
||
| 490 | 1 | _aApostolado moderno | |
| 700 | 1 |
_aMolina Pico, Isabel. _981958 |
|
| 830 | 0 |
_aApostolado moderno _9184531 |
|
| 852 |
_aES-MaACL _jB-10067 _bR.21403 |
||
| 999 |
_c99494 _d99494 |
||